000 00574nam a2200181Ia 4500
003 IN-BaIIA
008 211028s9999 xx 000 0 eng d
040 _cIIA Library
080 _a521.1
_bPIN
100 _aPines, David
_94049
245 4 _aThe many-body problem
_cDavid Pines
260 _aNew York
_bW. A. Benjamin
_c1962
300 _axii, 457p.
490 _aFrontiers in physics: a lecture note and reprint series
650 _aAstronomy and astrophysics thesaurus
650 _aMany-body problem
_91542
942 _cBK
999 _c2250
_d2250